00573 2200193 4500001002100000005001500021035002000036245012700056100001400183250001000197300002500207006001800232008003900250260004600289082000700335084001300342600001000355990001400365INLIS00000000001005220260604014645 a0010-06260000131 aANALISIS DETERMINAN PELAPORAN KASUS KEKERASAN DALAM RUMAH TANGGA (KDRT) KE UPT PPA PROVINSI KALIMANTAN TENGAH /cYULIANTIE0 aYULIANTIE aCet 1 axiv, 73 hlm :bilus.a 260604 | | |  aPalangka Raya :bPerpustakaan UMPR,c2025 a81 a81 YUL a 4aTESIS a238121913